000 01051nam a2200301 a 4500
001 412
003 BR-CuiBMT
005 20231129142008.0
008 230914s2013 mgba 000 0 por d
020 _a9788577007370
040 _aBR-CuiBMT
_cBR-CuiBMT
080 _a343.293:342.7
_22007
090 _a343.293:342.7
_bJ96
245 0 0 _aJustiça de transição :
_breparação, verdade e justiça: perspectivas comparadas Brasil-Espanha /
_cCarol Proner, Paulo Abrão coordenadores; [autores Andrea Greppi ... et al.].
260 _aBelo Horizonte :
_bFórum,
_c2013.
300 _a384 p. :
_bil. ;
_c22 cm
490 1 _aColeção Fórum justiça e democracia ;
_vv. 3
504 _aInclui bibliografia.
650 _aDireito constitucional
650 _aSociologia jurídica
650 _aLei de anistia
650 _aDireitos humanos
_xJustiça
700 1 _aProner, Carol
_4coord.
700 1 _aAbrão, Paulo
_4coord.
700 1 _aGreppi, Andrea
_eet al.
_eautores
830 0 _aColeção Fórum justiça e democracia ;
_v1
942 _2udc
_cLV
999 _c412
_d412